Островные государства мира - Statistics

General Stats
  • This quiz has been taken 2 793 times
    2 783 since last reset
  • The average score is 32 of 48
Answer Stats
Географическое положение Государство % Correct
Карибское море, Атлантический океан Куба
84%
Тихий океан, Восточная Азия Япония
83%
Индийский океан, Африка Мадагаскар
82%
Тихий океан, Полинезия Новая Зеландия
82%
Морская Юго-Восточная Азия Индонезия
81%
Лаккадивское море, Индийский океан Мальдивы
81%
Средиземное море Кипр
79%
Средиземное море Северный Кипр
79%
Индийский океан Шри-Ланка
77%
Атлантический океан Исландия
76%
Средиземное море Мальта
75%
Индийский океан, Африка Сейшельские острова
75%
Тихий океан, Меланезия Фиджи
73%
Атлантический океан Великобритания
72%
Карибское море, Малые Антильские острова Доминика
72%
Тихий океан, Микронезия Федеративные Штаты Микронезии
72%
Карибское море, Большие Антильские острова Ямайка
72%
Атлантический океан Ирландия
70%
Морская Юго-Восточная Азия Филиппины
69%
Тихий океан, Восточная Азия Китайская Республика (Тайвань)
68%
Карибское море, Большие Антильские острова Гаити
67%
Атлантический океан Багамские острова
66%
Карибское море, Большие Антильские острова Доминиканская Республика
66%
Тихий океан, Микронезия Маршалловы острова
65%
Тихий океан, Меланезия Соломоновы острова
65%
Тихий океан, Микронезия Кирибати
64%
Тихий океан, Микронезия Палау
64%
Тихий океан, Полинезия Тувалу
63%
Тихий океан, Микронезия Науру
62%
Карибское море, наветренные острова Барбадос
60%
Макаронезия, Атлантический океан Кабо-Верде
60%
Индийский океан Коморы
60%
Тихий океан, Полинезия Тонга
60%
Карибское море, подветренные острова Антигуа и Барбуда
59%
Тихий океан, Полинезия Самоа
59%
Карибское море, Южная Америка Тринидад и Тобаго
59%
Тихий океан, Меланезия Папуа Новая Гвинея
58%
Карибское море, Наветренные острова Сент-Люсия
58%
Тихий океан, Меланезия Вануату
57%
Карибское море, Наветренные острова Сент-Винсент и Гренадины
57%
Индийский океан, Африка Маврикий
55%
Карибское море, Подветренные острова Сент-Китс и Невис
54%
Карибское море, наветренные острова Гренада
53%
Атлантический океан, Африка Сан-Томе и Принсипи
53%
Морская Юго-Восточная Азия Восточный Тимор
51%
Персидский залив Бахрейн
50%
Морская Юго-Восточная Азия Сингапур
48%
Морская Юго-Восточная Азия Бруней
44%
No matching quizzes found
Score Distribution
Percent of People with Each Score
Percentile by Number Answered
Your Score History
You have not taken this quiz since the last reset